Movies Quiz

Random Movies or Director Quiz

Directors of IMDB Top 250 Quiz Stats

 Plays Quiz not verified by Sporcle

Score 0/51 Timer 10:00
0 Plays Today
Movies Director % Correct
Rear Window, Psycho, North By Northwest, Vertigo, Rebecca, Strangers On A Train, Notorious, Shadow Of A Doubt, Dial M For Murder, RopeAlfred Hitchcock
99.4%
Gran Torino, Million Dollar Baby, Unforgiven, Mystic River, Letters From Iwo JimaClint Eastwood
95.8%
Pulp Fiction, Reservoir Dogs, Inglorious Basterds, Kill Bill Vol. 1, Kill Bill Vol. 2Quentin Tarantino
95.5%
Inception, The Dark Knight, Memento, The Prestige, Batman BeginsChristopher Nolan
95.1%
Goodfellas, Taxi Driver, The Departed, Raging Bull, CasinoMartin Scorsese
94.8%
Dr. Strangelove, Paths Of Glory, A Clockwork Orange, The Shinning, 2001: A Space Odyessey, Full Metal Jacket, The Killing, Barry LyndonStanley Kubrick
94.8%
Terminator 2: Judgement Day, Aliens, Avatar, The TerminatorJames Cameron
93.5%
The Godfather, The Godfather Part 2, Apocalypse NowFrancis Ford Coppola
92.2%
Lord Of The Rings: Return Of The King, Lord Of The Kings: The Fellowship Of The Ring, Lord Of The Rings: The Two Towers Peter Jackson
89%
City Lights, Modern Times, The Great Dictator, The Gold Rush, The KidCharles Chaplin
88%
Citizen Kane, Touch Of EvilOrson Welles
87.3%
Fargo, No Country For Old Men, The Big LebowskiCoen Brothers
86.7%
Alien, Gladiator, Blade RunnerRidley Scott
85.1%
Annie Hall, Manhattan Woody Allen
83.4%
Fight Club, Se7en, The Social NetworkDavid Fincher
82.1%
The Good The Bad And The Ugly, Once Upon A Time In The West, Once Upon A Time In America, For A Few Dollars MoreqSergio Leone
81.8%
The Pianist, Chinatown, Rosemary's BabyRoman Polanski
81.5%
Ed Wood, Big FishTim Burton
78.9%
Slumdog Millionaire, TrainspottingDanny Boyle
77.3%
Sunset Blvd., Double Indemnity, Some Like It Hot, The Apartment, Witness For The Prosecution, Stalag 17Billy Wilder
75.3%
The Elephant Man, Mulolland DriveDavid Lynch
75%
Seven Samurai, Rashomon, Ran, Yojimbo, IkiruAkira Kurosawa
74.7%
It's A Wonderful Life, Mr. Smith Goes To Washington, It Happened One Night, Arsenic And Old LaceFrank Capra
73.4%
The Seventh Seal, Wild Strawberries, Persona, Fanny And AlexanderIngmar Bergman
71.4%
One Flew Over The Cuckoo's Nest/Amadeus Milos Forman
69.2%
There Will Be Blood, Magnolia Paul Thomas Anderson
68.5%
Movies Director % Correct
8 1/2, Nights Of Cabiria, La StradaFederico Fellini
68.2%
Monty Python And The Holy Grail, Twelve MonkeysTerry Gilliam
67.2%
Snatch, Locked Stocked and Two Smoking BarrelsGuy Ritchie
64.9%
The Shawshank Redemption/The Green MileFrank Darabont
64.9%
12 Angry Men, Dog Day Afternoon, NetworkSydney Lumet
64.6%
High Noon, The Grapes Of Wrath, The Man Who Shot Liberty ValanceJohn Ford
64.3%
Requiem For A Dream, The WrestlerDarren Aronofsky
64%
M, Metropolis Fritz Lang
63.6%
Stand By Me, The Princess BrideRob Reiner
63.3%
On The Waterfront, A Streetcar Named DesireElia Kazan
61%
The Tressure Of Sierre Madre, The Maltese FalconJohn Huston
59.7%
Lawrence Of Arabia, The Bridge On The River KwaiDavid Lean
58.1%
The Graduate, Who's Afraid Of Virginia Woolf?Mike Nichols
52.6%
Spirited Away, Princess Monokoke, My Neighbor Totoro, Howl's Moving CastleHayao Miyazaki
48.7%
The Wizard Of Oz, Gone With The WindVictor Fleming
48.1%
Ben-Hur, The Best Years Of Our Lives, Roman HolidayWilliam Wyler
46.4%
Ratatouille, The Incredibles Brad Bird
41.6%
The Sting, Butch Cassidy And The Sundance KidGeorge Roy Hill
41.6%
The Big Sleep, His Girl FridayHoward Hawks
39.6%
Toy Story, Toy Story 2John Lasseter
36.7%
All About Eve, SleuthJoseph L. Mankiewicz
30.8%
Wall-e, Finding Nemo Andrew Stanton
26.9%
Up, Monsters Inc.Pete Docter
23.4%
The Wages Of Fear, Diabolique Henri-Georges Clouzot
22.7%
Forrest Gump, Back To The FutureRobert Zemmeckis
17.2%

You're not logged in!

Compare scores with friends on all Sporcle quizzes.
OR
Log In

Show Comments

Extras

Top Quizzes Today


Score Distribution

Your Account Isn't Verified!

In order to create a playlist on Sporcle, you need to verify the email address you used during registration. Go to your Sporcle Settings to finish the process.

Report this User

Report this user for behavior that violates our Community Guidelines.

Details: